Geography Quiz

Random Geography or World Quiz

Country Leadership Flags Quiz Stats

 Plays Quiz Updated Jul 9, 2017

Support Sporcle.
Go Orange.
Score 0/30 Timer 07:00
2 Plays Today
% Correct
United States
97.5%
Australia
92.2%
Russia
86%
Chile
73.1%
Colombia
69.8%
Germany
67.4%
Mexico
66%
Ireland
64.8%
Egypt
60.7%
India
60.4%
Nigeria
57.4%
Ghana
56.6%
Ukraine
56.5%
Brazil
56.1%
Kazakhstan
55.9%
% Correct
Kenya
55.1%
Zimbabwe
53.5%
Bahamas
50%
Jamaica
48.5%
Namibia
44.8%
Pakistan
37.4%
Latvia
36.3%
Botswana
33.1%
Japan
32.7%
Turkmenistan
30.9%
Bangladesh
22.3%
Italy
21.4%
Paraguay
20.7%
Sri Lanka
14.9%
Cuba
8.4%

You're not logged in!

Compare scores with friends on all Sporcle quizzes.
OR
Log In
Forgot?

From the Vault

Bible or Sound of Music?

by Magnavox

If you sing the Bible, does it become the same thing?
Remove Ads.
Support Sporcle.
Get the best of Sporcle when you Go Orange. This ad-free experience offers more features, more stats, and more fun while also helping to support Sporcle. Thank you for becoming a member.

Show Comments

Extras

Top Quizzes Today


Score Distribution

Your Account Isn't Verified!

In order to create a playlist on Sporcle, you need to verify the email address you used during registration. Go to your Sporcle Settings to finish the process.

Report this User

Report this user for behavior that violates our Community Guidelines.

Details: